000 00413nam a2200169Ia 4500
001 22561
003 IN-NITTTR
005 20251114233254.0
008 251113s9999||||xx |||||||||||||| ||eng||
040 _beng
040 _cIN-NITTTR
041 _aeng
082 _a624.17 J181H R
100 _aJagman Singh,
245 0 _aHeavy construction-planning, equipment and methods. /
_cJagman Singh
942 _2ddc
_cBK
999 _c25190
_d25190